000 00809nam a22002057a 4500
999 _c1423
_d1423
003 AR-CdUCM
008 190227b ||||| |||| 00| 0 spa d
040 _aMUNICIPALIDAD PROVINCIAL DEL CUSCO
_cBIBLIOTECA MUNICIPAL DEL CUSCO
082 _a335.6 /
_bC26
100 _aCarsten, Francis L.
_95404
245 _aLa ascensión del fascismo /
260 _aBarcelona :
_bEditorial seix barral, S.A.;
_c1971.
300 _a325 paginas ;
_c18 cm.
505 _aEl nacionaismo y el antisemitismo antes de 1914 -- El ejemplo italiano -- Nacionalsocialismo: los años de formación -- El camino al poder -- Variedades de fascismo en Europa Oriental ..
650 _aEl nacionalismo
_95369
650 _aLos movimientos
_95405
650 _aEuropa Occidental
_95406
942 _2ddc
_cLIBROS
945 _arum
_d2019-02-27